Can you win this Formula One Race? - Statistics

General Stats
  • This quiz has been taken 19 times
  • The average score is 8 of 10
Answer Stats
Question Answer % Correct
You are currently in P10, just 0.3 seconds behind Gabriel Bortoleto. The gap is under one second – now you have the chance to attack. What can you use to pull alongside him and go for the overtake? DRS
100%
You are about to enter the pit lane. What is the normal speed limit in the pit lane to avoid a penalty? 60/80km/h
94%
You are approaching a slower car that is about to be lapped. What signal tells him to let you by? Blue Flag
88%
The race is over! During the podium ceremony, what do the top 3 drivers traditionally drink to celebrate? Champagne
88%
You’re in lap 10 of 50. The car in front of you goes into the pit for fresh tires. What is the driver trying to do? Undercut
88%
Your engineer tells you to stay out a few more laps before coming into the pit while the car in front of you pits, hoping to gain track position. What strategy is this called? Overcut
81%
What is the current Formula 1 pit stop record? Do you think your team can beat it? 1,8 seconds
69%
You’re trying to overtake the car ahead. Which of the following can you not use to make a move? Flareboost
69%
Your engineer warns: ‘Heavy rain is coming in a few laps!’ You are about to make a pit stop. Which tires should you choose to maximize grip and stay safe? Wets
63%
The rain has stopped and the track is drying. You have 10 laps remaining. Which tires are best to push for a final sprint to the finish? Soft
56%
No matching quizzes found
Score Distribution
Percent of People with Each Score
Percentile by Number Answered
Your Score History
You have not taken this quiz